000 00579nam a2200169 a 4500
008 120416s0000 ||||||||||||||||| || u
020 _a0863413161
050 _aTK 4255 Coo
100 _aCook, Paul
245 1 0 _aCommentary on BS 7671
246 _a1992 requirements for electrical installations
250 _a16th ed.
260 _aLondon
_bPeter Peregrinus
_c1997
300 _axii, 395p. : ill.
350 _a0.00
995 _D0.00
_FCBU-MAIN LIBRARY (Kitwe)
_H1
_I35.00
_M1
_UAVAILABLE
_ZAnnex Low-Usage Collection
999 _c37780
_d37780